[Event "Turkish Club Cup 2019"]
[Site "Konya"]
[Date "2019.07.18"]
[Round "4"]
[White "Celiker, Yakup"]
[Black "Sari, Serdar"]
[Result "0-1"]
[WhiteElo "1930"]
[BlackElo "2023"]
[Annotator "NA RC"]
[PlyCount "104"]
[EventDate "2019.07.16"]
[EventType "team-tourn"]
[EventCountry "TUR"]
[SourceTitle "playchess.com"]
[Source "ChessBase"]
[SourceQuality "1"]
[TimeControl "5400+30"]

1. f4 {[%emt 0:00:30]} d5 {[%emt 0:01:30]} 2. b3 {[%emt 0:00:00]} c5 {[%emt 0:00:30]} 3. Bb2 {[%emt 0:00:00]} Nc6 {[%emt 0:00:30]} 4. Nf3 {[%emt 0:01:30]} Nf6 {[%emt 0:00:00]} 5. e3 {[%emt 0:00:30]} Bg4 {[%emt 0:02:00]} 6. Be2 {[%emt 0:00:30]} e6 {[%emt 0:00:30]} 7. O-O {[%emt 0:03:30]} Bxf3 {[%emt 0:08:30]} 8. Bxf3 {[%emt 0:00:30]} Bd6 {[%emt 0:01:30]} 9. c4 {[%emt 0:03:30]} dxc4 {[%emt 0:19:30]} 10. bxc4 {[%emt 0:05:30]} Qb6 {[%emt 0:02:30]} 11. Bc3 {[%emt 0:00:30]} O-O {[%emt 0:09:30]} 12. Na3 {[%emt 0:01:30]} a6 {[%emt 0:14:30]} 13. Rb1 {[%emt 0:03:30]} Qc7 {[%emt 0:00:00]} 14. Qb3 {[%emt 0:00:30]} Rab8 {[%emt 0:01:00]} 15. Qb2 {[%emt 0:02:30]} Ne8 {[%emt 0:03:30]} 16. Be2 {[%emt 0:12:30]} b6 {[%emt 0:03:30]} 17. Nc2 {[%emt 0:02:30]} e5 {[%emt 0:05:30]} 18. g3 {[%emt 0:01:30]} f5 {[%emt 0:06:15]} 19. Rf2 {[%emt 0:04:30]} g6 {[%emt 0:04:36]} 20. Bf3 {[%emt 0:13:30]} e4 {[%emt 0:01:55]} 21. Be2 {[%emt 0:00:00]} Qe7 {[%emt 0:02:53]} 22. Kg2 {[%emt 0:08:00]} Nc7 {[%emt 0:02:52]} 23. a4 {[%emt 0:01:30]} a5 {[%emt 0:03:03]} 24. Rg1 {[%emt 0:05:30]} Nb4 {[%emt 0:00:48]} 25. Ne1 {[%emt 0:00:30]} Ne6 {[%emt 0:01:49]} 26. Kh1 {[%emt 0:00:30]} Qd7 {[%emt 0:01:45]} 27. Qa1 {[%emt 0:00:30]} Rf7 {[%emt 0:01:04]} 28. h3 {[%emt 0:01:30]} Kf8 {[%emt 0:01:06]} 29. Kh2 {[%emt 0:02:30]} Ke7 {[%emt 0:00:34]} 30. Qd1 {[%emt 0:03:30]} Kd8 {[%emt 0:00:36]} 31. Qb3 {[%emt 0:02:30]} Kc7 {[%emt 0:00:11]} 32. d3 {[%emt 0:00:30]} exd3 {[%emt 0:00:54]} 33. Nxd3 {[%emt 0:00:30]} Rd8 {[%emt 0:00:49]} 34. Rd1 {[%emt 0:01:26]} Qe8 {[%emt 0:00:21]} 35. Bf3 {[%emt 0:00:49]} Nf8 {[%emt 0:00:36]} 36. Ne5 {[%emt 0:00:34]} Re7 {[%emt 0:00:56]} 37. Rfd2 {[%emt 0:00:05]} Ne6 {[%emt 0:00:23]} 38. Bxb4 {[%emt 0:02:04]} cxb4 {[%emt 0:00:02]} 39. Nc6 {[%emt 0:01:03]} Nc5 {[%emt 0:00:05]} 40. Qb1 {[%emt 0:04:56]} Rdd7 {[%emt 0:00:51]} 41. Nxe7 {[%emt 0:00:42]} Qxe7 {[%emt 0:00:09]} 42. Re1 {[%emt 0:01:02]} Nxa4 {[%emt 0:00:27]} 43. e4 {[%emt 0:01:20]} Nc3 {[%emt 0:00:08]} 44. Qd3 {[%emt 0:00:00]} Bc5 {[%emt 0:01:02]} 45. Qxd7+ {[%emt 0:01:23]} Qxd7 {[%emt 0:00:30]} 46. Rxd7+ {[%emt 0:00:30]} Kxd7 {[%emt 0:00:00]} 47. g4 {[%emt 0:03:11]} fxe4 {[%emt 0:00:28]} 48. Bxe4 {[%emt 0:00:30]} Nxe4 {[%emt 0:00:30]} 49. Rxe4 {[%emt 0:00:00]} b3 {[%emt 0:00:00]} 50. f5 {[%emt 0:00:28]} gxf5 {[%emt 0:00:20]} 51. gxf5 {[%emt 0:00:30]} b2 {[%emt 0:00:00]} 52. Re1 {[%emt 0:00:06]} a4 {[%emt 0:00:00]} 0-1

[Event "Turkish Club Cup 2019"]
[Site "Konya"]
[Date "2019.07.18"]
[Round "4"]
[White "Oz, Ozan"]
[Black "Gulsoy, Mustafa Alpago"]
[Result "0-1"]
[WhiteElo "1923"]
[BlackElo "2069"]
[Annotator "NA RC"]
[PlyCount "48"]
[EventDate "2019.07.16"]
[EventType "team-tourn"]
[EventCountry "TUR"]
[SourceTitle "playchess.com"]
[Source "ChessBase"]
[SourceQuality "1"]
[TimeControl "5400+30"]

1. d4 {[%emt 0:00:30]} d6 {[%emt 0:00:30]} 2. Bf4 {[%emt 0:00:00]} g6 {[%emt 0:00:30]} 3. Nc3 {[%emt 0:01:00]} Bg7 {[%emt 0:00:30]} 4. e4 {[%emt 0:00:30]} c6 {[%emt 0:01:30]} 5. Qd2 {[%emt 0:00:30]} Nd7 {[%emt 0:01:30]} 6. Nf3 {[%emt 0:01:30]} e5 {[%emt 0:02:30]} 7. dxe5 {[%emt 0:00:30]} dxe5 {[%emt 0:00:30]} 8. Bg5 {[%emt 0:00:30]} Ngf6 {[%emt 0:00:30]} 9. O-O-O {[%emt 0:00:30]} Qe7 {[%emt 0:02:30]} 10. Bh6 {[%emt 0:06:30]} O-O {[%emt 0:01:30]} 11. Bxg7 {[%emt 0:09:30]} Kxg7 {[%emt 0:00:00]} 12. h4 {[%emt 0:01:30]} Nc5 {[%emt 0:05:00]} 13. Qe3 {[%emt 0:08:30]} b5 {[%emt 0:03:30]} 14. Nd2 {[%emt 0:03:30]} Ng4 {[%emt 0:08:30]} 15. Qe1 {[%emt 0:02:30]} Be6 {[%emt 0:04:30]} 16. f3 {[%emt 0:04:30]} Nf6 {[%emt 0:01:30]} 17. Kb1 {[%emt 0:15:30]} a5 {[%emt 0:04:30]} 18. g4 {[%emt 0:07:30]} b4 {[%emt 0:03:30]} 19. Ne2 {[%emt 0:00:30]} a4 {[%emt 0:01:30]} 20. Nc1 {[%emt 0:04:30]} b3 {[%emt 0:02:30]} 21. cxb3 {[%emt 0:02:30]} axb3 {[%emt 0:01:30]} 22. a3 {[%emt 0:00:00]} Na4 {[%emt 0:01:30]} 23. Qg3 {[%emt 0:11:25]} Nc3+ {[%emt 0:01:30]} 24. bxc3 {[%emt 0:01:33]} Qxa3 {[%emt 0:00:30]} 0-1

[Event "Turkish Club Cup 2019"]
[Site "Konya"]
[Date "2019.07.18"]
[Round "4"]
[White "Demirbas, Emre"]
[Black "Ersahince, Umut Utku"]
[Result "1/2-1/2"]
[WhiteElo "1913"]
[BlackElo "1677"]
[Annotator "NA RC"]
[PlyCount "63"]
[EventDate "2019.07.16"]
[EventType "team-tourn"]
[EventCountry "TUR"]
[SourceTitle "playchess.com"]
[Source "ChessBase"]
[SourceQuality "1"]
[TimeControl "5400+30"]

1. e4 {[%emt 0:00:30]} e5 {[%emt 0:00:30]} 2. Nf3 {[%emt 0:00:30]} Nc6 {[%emt 0:00:30]} 3. Bb5 {[%emt 0:00:00]} Nf6 {[%emt 0:00:30]} 4. O-O {[%emt 0:00:00]} Nxe4 {[%emt 0:00:00]} 5. Re1 {[%emt 0:01:30]} Nd6 {[%emt 0:00:00]} 6. Nxe5 {[%emt 0:01:30]} Be7 {[%emt 0:00:00]} 7. Bd3 {[%emt 0:00:30]} Nxe5 {[%emt 0:09:00]} 8. Rxe5 {[%emt 0:00:30]} O-O {[%emt 0:06:30]} 9. Nc3 {[%emt 0:00:30]} Bf6 {[%emt 0:02:30]} 10. Re3 {[%emt 0:00:00]} g6 {[%emt 0:06:30]} 11. b3 {[%emt 0:00:00]} Bd4 {[%emt 0:08:30]} 12. Bb2 {[%emt 0:17:30]} b6 {[%emt 0:04:30]} 13. Rh3 {[%emt 0:05:30]} Qf6 {[%emt 0:03:30]} 14. Rf3 {[%emt 0:06:30]} Qg7 {[%emt 0:04:30]} 15. Rb1 {[%emt 0:04:30]} Bb7 {[%emt 0:04:30]} 16. Rf4 {[%emt 0:02:30]} Be5 {[%emt 0:03:30]} 17. Rh4 {[%emt 0:09:30]} Rae8 {[%emt 0:10:30]} 18. f4 {[%emt 0:02:30]} Bd4+ {[%emt 0:02:30]} 19. Kh1 {[%emt 0:01:30]} Re6 {[%emt 0:08:30]} 20. Qf1 {[%emt 0:09:30]} Rfe8 {[%emt 0:02:30]} 21. Rh3 {[%emt 0:12:30]} Qf6 {[%emt 0:01:53]} 22. Rg3 {[%emt 0:04:33]} Nf5 {[%emt 0:00:52]} 23. Bxf5 {[%emt 0:01:34]} Qxf5 {[%emt 0:00:07]} 24. d3 {[%emt 0:04:26]} f6 {[%emt 0:05:10]} 25. h3 {[%emt 0:02:49]} h5 {[%emt 0:00:37]} 26. Kh2 {[%emt 0:01:42]} Kg7 {[%emt 0:04:55]} 27. a4 {[%emt 0:00:49]} Kh7 {[%emt 0:01:39]} 28. Ba1 {[%emt 0:00:17]} a6 {[%emt 0:00:00]} 29. Rd1 {[%emt 0:02:20]} Be3 {[%emt 0:02:25]} 30. Ne2 {[%emt 0:01:30]} Bc5 {[%emt 0:00:08]} 31. Rd2 {[%emt 0:02:09]} Rxe2 {[%emt 0:03:08]} 32. Rxe2 {[%emt 0:00:42]} 1/2-1/2

[Event "Turkish Club Cup 2019"]
[Site "Konya"]
[Date "2019.07.18"]
[Round "4"]
[White "Guder, Eyup Sabri"]
[Black "Coban, Suleyman"]
[Result "1-0"]
[WhiteElo "1909"]
[BlackElo "1667"]
[Annotator "NA RC"]
[PlyCount "95"]
[EventDate "2019.07.16"]
[EventType "team-tourn"]
[EventCountry "TUR"]
[SourceTitle "playchess.com"]
[Source "ChessBase"]
[SourceQuality "1"]
[TimeControl "5400+30"]

1. d4 {[%emt 0:00:30]} d5 {[%emt 0:00:30]} 2. Nf3 {[%emt 0:00:00]} g6 {[%emt 0:00:30]} 3. g3 {[%emt 0:00:00]} Bg7 {[%emt 0:00:00]} 4. Bg2 {[%emt 0:00:30]} Nf6 {[%emt 0:00:00]} 5. O-O {[%emt 0:00:00]} O-O {[%emt 0:02:30]} 6. c4 {[%emt 0:00:00]} c6 {[%emt 0:01:30]} 7. Nc3 {[%emt 0:02:30]} Bf5 {[%emt 0:07:30]} 8. Ne5 {[%emt 0:00:30]} Be6 {[%emt 0:11:30]} 9. Qb3 {[%emt 0:05:30]} Qb6 {[%emt 0:04:30]} 10. Qxb6 {[%emt 0:08:30]} axb6 {[%emt 0:00:30]} 11. cxd5 {[%emt 0:00:30]} Nxd5 {[%emt 0:02:30]} 12. Nxd5 {[%emt 0:02:30]} Bxd5 {[%emt 0:02:30]} 13. Bxd5 {[%emt 0:04:30]} cxd5 {[%emt 0:00:00]} 14. Rd1 {[%emt 0:06:30]} Rc8 {[%emt 0:11:00]} 15. Bd2 {[%emt 0:14:30]} Bxe5 {[%emt 0:08:30]} 16. dxe5 {[%emt 0:00:00]} Nd7 {[%emt 0:01:30]} 17. Bb4 {[%emt 0:01:00]} e6 {[%emt 0:02:30]} 18. f4 {[%emt 0:07:30]} Rc2 {[%emt 0:05:30]} 19. Rd2 {[%emt 0:04:30]} Rxd2 {[%emt 0:04:30]} 20. Bxd2 {[%emt 0:00:00]} Nc5 {[%emt 0:00:00]} 21. a3 {[%emt 0:01:00]} Nb3 {[%emt 0:08:00]} 22. Rd1 {[%emt 0:01:30]} Nxd2 {[%emt 0:03:30]} 23. Rxd2 {[%emt 0:00:30]} Rc8 {[%emt 0:00:00]} 24. Kf2 {[%emt 0:00:30]} Kf8 {[%emt 0:05:01]} 25. Ke3 {[%emt 0:00:30]} Ke7 {[%emt 0:01:28]} 26. Kd3 {[%emt 0:02:30]} Kd7 {[%emt 0:01:23]} 27. e4 {[%emt 0:01:30]} dxe4+ {[%emt 0:07:44]} 28. Kxe4+ {[%emt 0:00:00]} Ke7 {[%emt 0:04:34]} 29. Rd6 {[%emt 0:03:00]} Rb8 {[%emt 0:01:54]} 30. Rxb6 {[%emt 0:00:30]} Kd7 {[%emt 0:00:00]} 31. Rb3 {[%emt 0:01:30]} Kc7 {[%emt 0:00:06]} 32. g4 {[%emt 0:00:30]} Rh8 {[%emt 0:02:33]} 33. Rc3+ {[%emt 0:01:30]} Kd7 {[%emt 0:00:11]} 34. Kd4 {[%emt 0:00:30]} h5 {[%emt 0:00:41]} 35. Rh3 {[%emt 0:00:30]} Rc8 {[%emt 0:00:56]} 36. gxh5 {[%emt 0:00:30]} gxh5 {[%emt 0:00:03]} 37. Rb3 {[%emt 0:04:30]} Rb8 {[%emt 0:00:36]} 38. a4 {[%emt 0:00:30]} Kc7 {[%emt 0:00:11]} 39. Rh3 {[%emt 0:00:30]} Rd8+ {[%emt 0:01:42]} 40. Kc3 {[%emt 0:00:00]} Rh8 {[%emt 0:00:20]} 41. Rg3 {[%emt 0:00:00]} Kd7 {[%emt 0:01:00]} 42. Kb4 {[%emt 0:01:30]} Rc8 {[%emt 0:00:07]} 43. Rd3+ {[%emt 0:00:00]} Ke7 {[%emt 0:00:10]} 44. Rc3 {[%emt 0:01:00]} Rg8 {[%emt 0:02:17]} 45. Rc7+ {[%emt 0:00:00]} Kd8 {[%emt 0:00:26]} 46. Rxb7 {[%emt 0:00:00]} Rg2 {[%emt 0:00:00]} 47. b3 {[%emt 0:00:30]} Rxh2 {[%emt 0:00:34]} 48. a5 {[%emt 0:00:30]} 1-0

[Event "Turkish Club Cup 2019"]
[Site "Konya"]
[Date "2019.07.18"]
[Round "4"]
[White "Ergonen, Arda"]
[Black "Kinsiz, Onur"]
[Result "1/2-1/2"]
[WhiteElo "1905"]
[BlackElo "2210"]
[Annotator "NA"]
[PlyCount "62"]
[EventDate "2019.07.16"]
[EventType "team-tourn"]
[EventCountry "TUR"]
[SourceTitle "playchess.com"]
[Source "ChessBase"]
[SourceQuality "1"]
[TimeControl "5400+30"]

1. e4 {[%emt 0:00:30]} c5 {[%emt 0:00:30]} 2. Nf3 {[%emt 0:00:30]} Nc6 {[%emt 0:00:00]} 3. d4 {[%emt 0:00:00]} cxd4 {[%emt 0:00:00]} 4. Nxd4 {[%emt 0:00:00]} e5 {[%emt 0:00:30]} 5. Nb5 {[%emt 0:00:00]} d6 {[%emt 0:00:00]} 6. a4 {[%emt 0:02:00]} Be6 {[%emt 0:11:00]} 7. N1c3 {[%emt 0:04:30]} a6 {[%emt 0:09:30]} 8. Na3 {[%emt 0:00:30]} Rc8 {[%emt 0:00:00]} 9. Nc4 {[%emt 0:11:30]} Nd4 {[%emt 0:29:00]} 10. Nd5 {[%emt 0:01:30]} Nf6 {[%emt 0:02:30]} 11. Bg5 {[%emt 0:06:30]} Bxd5 {[%emt 0:02:30]} 12. exd5 {[%emt 0:00:30]} Be7 {[%emt 0:00:30]} 13. c3 {[%emt 0:05:30]} Nf5 {[%emt 0:01:30]} 14. g4 {[%emt 0:00:30]} Nh6 {[%emt 0:02:30]} 15. Bxh6 {[%emt 0:00:30]} gxh6 {[%emt 0:00:00]} 16. Ne3 {[%emt 0:01:30]} Rg8 {[%emt 0:11:00]} 17. Be2 {[%emt 0:01:30]} Qb6 {[%emt 0:03:30]} 18. Rb1 {[%emt 0:07:30]} Nd7 {[%emt 0:00:30]} 19. h4 {[%emt 0:12:30]} Nf8 {[%emt 0:01:30]} 20. Nf5 {[%emt 0:01:30]} Ng6 {[%emt 0:02:30]} 21. Nxh6 {[%emt 0:01:30]} Rf8 {[%emt 0:01:30]} 22. Nf5 {[%emt 0:04:30]} Nf4 {[%emt 0:01:17]} 23. Bf3 {[%emt 0:06:30]} Qc5 {[%emt 0:03:47]} 24. Be4 {[%emt 0:02:30]} Qc4 {[%emt 0:03:06]} 25. f3 {[%emt 0:01:30]} Qc5 {[%emt 0:06:49]} 26. Qd2 {[%emt 0:02:30]} Rc7 {[%emt 0:01:01]} 27. Rc1 {[%emt 0:01:30]} a5 {[%emt 0:03:34]} 28. b3 {[%emt 0:05:47]} Qb6 {[%emt 0:00:39]} 29. Rb1 {[%emt 0:01:04]} Kd8 {[%emt 0:00:19]} 30. c4 {[%emt 0:01:01]} Kc8 {[%emt 0:00:29]} 31. Qf2 {[%emt 0:00:43]} Qb4+ {[%emt 0:00:55]} 1/2-1/2

[Event "Turkish Club Cup 2019"]
[Site "Konya"]
[Date "2019.07.18"]
[Round "4"]
[White "Severcan, Sedat Sabri"]
[Black "Guner, Sati Emre"]
[Result "1/2-1/2"]
[WhiteElo "1885"]
[BlackElo "1912"]
[Annotator "NA RC"]
[PlyCount "76"]
[EventDate "2019.07.16"]
[EventType "team-tourn"]
[EventCountry "TUR"]
[SourceTitle "playchess.com"]
[Source "ChessBase"]
[SourceQuality "1"]
[TimeControl "5400+30"]

1. d4 {[%emt 0:00:30]} d5 {[%emt 0:00:30]} 2. Nf3 {[%emt 0:00:30]} Nf6 {[%emt 0:00:00]} 3. c4 {[%emt 0:00:00]} c6 {[%emt 0:00:00]} 4. g3 {[%emt 0:00:00]} g6 {[%emt 0:00:30]} 5. Bg2 {[%emt 0:00:30]} Bg7 {[%emt 0:00:30]} 6. O-O {[%emt 0:00:30]} dxc4 {[%emt 0:00:30]} 7. a4 {[%emt 0:01:30]} O-O {[%emt 0:00:00]} 8. Qc2 {[%emt 0:00:30]} a5 {[%emt 0:04:00]} 9. Na3 {[%emt 0:04:30]} Bf5 {[%emt 0:03:30]} 10. Qxc4 {[%emt 0:03:30]} Na6 {[%emt 0:00:30]} 11. Ne5 {[%emt 0:09:30]} Nb4 {[%emt 0:02:30]} 12. Bf4 {[%emt 0:08:30]} Be6 {[%emt 0:05:30]} 13. Qc5 {[%emt 0:08:30]} b6 {[%emt 0:05:30]} 14. Qc1 {[%emt 0:02:30]} Rc8 {[%emt 0:03:30]} 15. Nf3 {[%emt 0:12:30]} Bd5 {[%emt 0:12:30]} 16. Qd1 {[%emt 0:04:30]} c5 {[%emt 0:07:30]} 17. dxc5 {[%emt 0:01:30]} Rxc5 {[%emt 0:00:30]} 18. Be3 {[%emt 0:01:30]} Rc6 {[%emt 0:05:30]} 19. Rc1 {[%emt 0:12:30]} Rd6 {[%emt 0:00:30]} 20. Qe1 {[%emt 0:02:30]} Ng4 {[%emt 0:02:30]} 21. Bf4 {[%emt 0:03:30]} e5 {[%emt 0:11:30]} 22. Bg5 {[%emt 0:01:30]} f6 {[%emt 0:00:30]} 23. Bd2 {[%emt 0:01:34]} Bxf3 {[%emt 0:02:30]} 24. Bxf3 {[%emt 0:00:27]} Rxd2 {[%emt 0:05:30]} 25. Bxg4 {[%emt 0:01:35]} f5 {[%emt 0:00:30]} 26. Nc4 {[%emt 0:01:03]} Rc2 {[%emt 0:03:30]} 27. Bh3 {[%emt 0:03:41]} Qc7 {[%emt 0:02:30]} 28. b3 {[%emt 0:01:48]} e4 {[%emt 0:01:30]} 29. Rxc2 {[%emt 0:01:29]} Nxc2 {[%emt 0:00:00]} 30. Qb1 {[%emt 0:01:17]} Nd4 {[%emt 0:00:00]} 31. Re1 {[%emt 0:00:22]} Rc8 {[%emt 0:00:30]} 32. Bg2 {[%emt 0:01:11]} Nxb3 {[%emt 0:05:59]} 33. Nd6 {[%emt 0:04:00]} Qxd6 {[%emt 0:03:34]} 34. Qxb3+ {[%emt 0:00:30]} Kh8 {[%emt 0:00:00]} 35. Rd1 {[%emt 0:00:35]} Qf6 {[%emt 0:01:48]} 36. e3 {[%emt 0:00:30]} Rd8 {[%emt 0:02:05]} 37. Rxd8+ {[%emt 0:00:52]} Qxd8 {[%emt 0:00:05]} 38. Bf1 {[%emt 0:00:09]} h5 {[%emt 0:01:07]} 1/2-1/2

[Event "Turkish Club Cup 2019"]
[Site "Konya"]
[Date "2019.07.18"]
[Round "4"]
[White "Oluc, Hakan"]
[Black "Basaran, Alp"]
[Result "1-0"]
[WhiteElo "1881"]
[BlackElo "1857"]
[Annotator "NA RC"]
[PlyCount "103"]
[EventDate "2019.07.16"]
[EventType "team-tourn"]
[EventCountry "TUR"]
[SourceTitle "playchess.com"]
[Source "ChessBase"]
[SourceQuality "1"]
[TimeControl "5400+30"]

1. c4 {[%emt 0:00:30]} Nf6 {[%emt 0:00:30]} 2. g3 {[%emt 0:00:30]} g6 {[%emt 0:00:30]} 3. Bg2 {[%emt 0:00:30]} Bg7 {[%emt 0:00:00]} 4. Nc3 {[%emt 0:00:00]} O-O {[%emt 0:00:00]} 5. e4 {[%emt 0:00:00]} d6 {[%emt 0:00:00]} 6. Nge2 {[%emt 0:00:30]} c5 {[%emt 0:00:00]} 7. O-O {[%emt 0:00:30]} Nc6 {[%emt 0:05:30]} 8. d3 {[%emt 0:00:00]} a6 {[%emt 0:00:30]} 9. h3 {[%emt 0:01:00]} Rb8 {[%emt 0:00:30]} 10. a4 {[%emt 0:00:30]} Ne8 {[%emt 0:00:30]} 11. Be3 {[%emt 0:00:30]} Nc7 {[%emt 0:00:30]} 12. d4 {[%emt 0:00:30]} cxd4 {[%emt 0:00:30]} 13. Nxd4 {[%emt 0:00:30]} Ne6 {[%emt 0:00:30]} 14. Nde2 {[%emt 0:00:30]} Na5 {[%emt 0:02:30]} 15. b3 {[%emt 0:02:30]} b5 {[%emt 0:24:30]} 16. axb5 {[%emt 0:11:30]} axb5 {[%emt 0:00:30]} 17. cxb5 {[%emt 0:05:30]} Bd7 {[%emt 0:02:30]} 18. b6 {[%emt 0:05:30]} Nc6 {[%emt 0:02:30]} 19. Rb1 {[%emt 0:19:30]} Nb4 {[%emt 0:10:30]} 20. Nd5 {[%emt 0:04:30]} Nxd5 {[%emt 0:08:30]} 21. exd5 {[%emt 0:06:30]} Nc5 {[%emt 0:00:30]} 22. b4 {[%emt 0:00:00]} Na4 {[%emt 0:00:30]} 23. Nd4 {[%emt 0:11:00]} Nc3 {[%emt 0:06:30]} 24. Qd2 {[%emt 0:20:36]} Nxb1 {[%emt 0:00:30]} 25. Rxb1 {[%emt 0:00:00]} Rxb6 {[%emt 0:00:00]} 26. Nc6 {[%emt 0:00:09]} Bxc6 {[%emt 0:03:00]} 27. Bxb6 {[%emt 0:00:12]} Qxb6 {[%emt 0:00:00]} 28. dxc6 {[%emt 0:00:02]} Be5 {[%emt 0:06:00]} 29. Kh2 {[%emt 0:00:42]} h5 {[%emt 0:01:30]} 30. f4 {[%emt 0:00:28]} Bf6 {[%emt 0:01:30]} 31. h4 {[%emt 0:01:13]} Rd8 {[%emt 0:01:30]} 32. Qd5 {[%emt 0:02:42]} Ra8 {[%emt 0:04:45]} 33. Rc1 {[%emt 0:01:39]} Qc7 {[%emt 0:01:18]} 34. f5 {[%emt 0:00:03]} Kg7 {[%emt 0:00:48]} 35. b5 {[%emt 0:01:41]} Be5 {[%emt 0:00:08]} 36. fxg6 {[%emt 0:00:08]} e6 {[%emt 0:02:11]} 37. Qb3 {[%emt 0:01:16]} Qe7 {[%emt 0:01:34]} 38. Kh1 {[%emt 0:02:20]} d5 {[%emt 0:00:30]} 39. c7 {[%emt 0:01:45]} Bxc7 {[%emt 0:01:55]} 40. Qc3+ {[%emt 0:00:26]} Kxg6 {[%emt 0:01:45]} 41. Qxc7 {[%emt 0:00:30]} Qxc7 {[%emt 0:00:00]} 42. Rxc7 {[%emt 0:00:07]} Ra1+ {[%emt 0:00:17]} 43. Kh2 {[%emt 0:00:30]} Rb1 {[%emt 0:00:00]} 44. Rb7 {[%emt 0:01:18]} Kf6 {[%emt 0:00:16]} 45. Bf3 {[%emt 0:00:09]} d4 {[%emt 0:00:02]} 46. Bxh5 {[%emt 0:00:41]} d3 {[%emt 0:00:15]} 47. Rxf7+ {[%emt 0:00:10]} Ke5 {[%emt 0:00:04]} 48. Rd7 {[%emt 0:00:02]} Rxb5 {[%emt 0:00:55]} 49. Rxd3 {[%emt 0:00:40]} Kf6 {[%emt 0:00:08]} 50. Bg4 {[%emt 0:00:40]} e5 {[%emt 0:00:39]} 51. Rd6+ {[%emt 0:01:04]} Kg7 {[%emt 0:00:11]} 52. Bf5 {[%emt 0:00:00]} 1-0

[Event "Turkish Club Cup 2019"]
[Site "Konya"]
[Date "2019.07.18"]
[Round "4"]
[White "Gulenc, Ahmet Fazil"]
[Black "Kesgin, Halit Kaan"]
[Result "0-1"]
[WhiteElo "1880"]
[BlackElo "2104"]
[Annotator "TA"]
[PlyCount "48"]
[EventDate "2019.07.16"]
[EventType "team-tourn"]
[EventCountry "TUR"]
[SourceTitle "playchess.com"]
[Source "ChessBase"]
[SourceQuality "1"]

{[%evp 9,48,25,39,-14,-15,-55,-37,-31,-24,-26,-17,-120,-124,-123,-126,-109,-101,-134,-78,-106,-90,-131,-139,-121,0,-149,-135,-147,-144,-362,-352,-345,-350,-575,-555,-1103,-1046,-1470,-820,-1367,-1328]} 1. d4 d5 2. c4 c6 3. Nc3 Nf6 4. Bg5 e6 5. e3 Nbd7 6. f4 {D51: Queen's Gambit Declined: 4 Bg5 Nbd7 sidelines} ({White should try} 6. cxd5 $14 exd5 7. Bd3) (6. cxd5 exd5 7. Bd3 Be7 8. Qc2 Nf8 9. O-O-O Ne6 10. Bxf6 Bxf6 11. f4 g6 12. Nf3 Ng7 13. h3 Bf5 14. g4 Bxd3 15. Rxd3 Be7 16. Kb1 Qd6 {½-½ (55) Eljanov,P (2706)-Lu,S (2640) China 2018}) 6... Qa5 7. Nf3 $146 ({Predecessor:} 7. Bxf6 Nxf6 8. Bd3 dxc4 9. Bxc4 Bb4 10. Nge2 Nd5 11. Qd3 Nxc3 12. bxc3 Be7 13. O-O O-O {½-½ (63) Jevtic,M (2166)-Dimitrijevic,R (2093) Belgrade 2008}) 7... Ne4 8. Qb3 {Black is slightly better.} h6 9. Bh4 {[#]} g5 $1 {[%mdl 512]} 10. fxg5 (10. Bg3 $11 {remains equal.}) 10... hxg5 $17 11. Bf2 g4 $36 {[%mdl 2048] Keeping White busy.} 12. Nd2 Nxf2 13. Kxf2 {[#]} g3+ $1 {[%mdl 512]} 14. Kxg3 dxc4 15. Bxc4 Qf5 $1 {[%cal Rf8d6]} 16. Nf3 Nf6 ({Better is} 16... e5 $17 17. Raf1 (17. Kf2 e4 $17 {[%mdl 64] Pin}) 17... Bh6 18. Bxf7+ Qxf7 19. Qxf7+ Kxf7 20. Nxe5+ Ke8) 17. h3 {[#]} (17. Kf2 $11) 17... b5 $1 {[%cal Rb5c4,Bb7b5,Bb5b4][%mdl 32]} 18. Be2 {[#]} b4 $1 19. Qc4 $2 (19. Nd1 $17 {was the only chance.}) 19... Bd6+ $19 20. Kf2 bxc3 21. Qxc6+ $2 (21. Bd3 Ne4+ 22. Bxe4 Qxe4 23. Qxc3) 21... Ke7 {Black is clearly winning.} 22. bxc3 Bd7 23. Qc4 Rac8 24. Qd3 Ne4+ {[%mdl 64] Double Attack. Accuracy: White = 29%, Black = 71%.} 0-1

[Event "Turkish Club Cup 2019"]
[Site "Konya"]
[Date "2019.07.18"]
[Round "4"]
[White "Atas, Yunus"]
[Black "Sancar, Alperen"]
[Result "1-0"]
[WhiteElo "1876"]
[BlackElo "1479"]
[Annotator "NA RC"]
[PlyCount "51"]
[EventDate "2019.07.16"]
[EventType "team-tourn"]
[EventCountry "TUR"]
[SourceTitle "playchess.com"]
[Source "ChessBase"]
[SourceQuality "1"]
[TimeControl "5400+30"]

1. Nf3 {[%emt 0:00:30]} Nf6 {[%emt 0:00:30]} 2. c4 {[%emt 0:00:00]} e6 {[%emt 0:06:30]} 3. d4 {[%emt 0:03:00]} d5 {[%emt 0:00:30]} 4. Nc3 {[%emt 0:00:30]} c6 {[%emt 0:00:30]} 5. e3 {[%emt 0:00:00]} Nbd7 {[%emt 0:01:30]} 6. Bd3 {[%emt 0:00:00]} dxc4 {[%emt 0:03:30]} 7. Bxc4 {[%emt 0:00:30]} Nb6 {[%emt 0:04:30]} 8. Bd3 {[%emt 0:00:30]} Be7 {[%emt 0:01:30]} 9. O-O {[%emt 0:00:00]} O-O {[%emt 0:00:00]} 10. Qe2 {[%emt 0:00:00]} Re8 {[%emt 0:03:00]} 11. Rd1 {[%emt 0:06:30]} Qc7 {[%emt 0:07:30]} 12. e4 {[%emt 0:01:30]} Nbd7 {[%emt 0:04:30]} 13. e5 {[%emt 0:02:30]} Nd5 {[%emt 0:01:30]} 14. Ne4 {[%emt 0:00:30]} Nf8 {[%emt 0:02:30]} 15. Bd2 {[%emt 0:02:30]} Ng6 {[%emt 0:07:30]} 16. g3 {[%emt 0:00:00]} Qb6 {[%emt 0:02:30]} 17. a3 {[%emt 0:11:00]} c5 {[%emt 0:03:30]} 18. dxc5 {[%emt 0:05:30]} Bxc5 {[%emt 0:00:30]} 19. Nxc5 {[%emt 0:02:30]} Qxc5 {[%emt 0:00:00]} 20. Ng5 {[%emt 0:01:30]} Qb6 {[%emt 0:08:00]} 21. Qh5 {[%emt 0:06:30]} Nxe5 {[%emt 0:10:30]} 22. Qxh7+ {[%emt 0:10:30]} Kf8 {[%emt 0:00:30]} 23. Be4 {[%emt 0:04:30]} Nc6 {[%emt 0:12:54]} 24. Qh8+ {[%emt 0:01:30]} Ke7 {[%emt 0:00:07]} 25. Qxg7 {[%emt 0:00:00]} Rf8 {[%emt 0:06:54]} 26. Bxd5 {[%emt 0:00:00]} 1-0